| 000 | 00931nam a22002777a 4500 | ||
|---|---|---|---|
| 005 | 20220329141001.0 | ||
| 008 | 971013s1985 r 00010 d | ||
| 010 | _a60914 | ||
| 011 | _a61886 | ||
| 035 | _a66056 | ||
| 082 |
_a551.5 _bI58a |
||
| 110 |
_aInstitut National de la Recherche Agronomique. Paris _959005 |
||
| 245 | 1 | _aApplications de la télédetection a l'agriculture | |
| 260 |
_aParis : _bLe Institut, _c1985 |
||
| 300 |
_a257 p. _b: ilus. |
||
| 490 |
_aLes colloques de l'INRA _v; 32 |
||
| 590 |
_aBATCH-UPD _b10 _c20130110 _lUCH01 _h1654 |
||
| 590 |
_aBATCH-UPD _b10 _c20130410 _lUCH01 _h1043 |
||
| 590 |
_aBATCH-UPD _b10 _c20130914 _lUCH01 _h1433 |
||
| 590 |
_aCONVERSION _b10 _c20130109 _lUCH01 _h1333 |
||
| 650 | 1 | 4 |
_aFotografía aérea. _942714 |
| 650 | 1 | 4 |
_aMeteorología agrícola. _975217 |
| 650 | 1 | 4 |
_aMeteorología agrícola _xCongresos. _975218 |
| 830 | 0 |
_aLes colloques de l'INRA _v; 32 _966327 |
|
| 901 | _aBK | ||
| 999 |
_c60914 _d60914 |
||